00453nam a2200133Ia 4500008004100000082001600041100002700057245005800084260003200142300000900174942001200183999001900195952010500214210430s9999 xx 000 0 und d a300.1T125 T aProf.Abdul Hameed Taga aTheory &Research in sociologycProf.Abdul Hameed Taga aLahorebAbdul Hameed c2007 a199p cBK2ddc c563416d563416 001040708NFICaSCMEbSCMEcGENd0006-09-11l0o300.1T125 TpSCME-2335r2021-04-30w2021-04-30yBK